000 01333nam0a22003371 4500
001 RU\INFOCOMM_322\NLR\5000100592
005 20250613103238.0
035 _a(NLR Aleph) 009462083
090 _a8473247
_c8473247
100 _a20121211d1985 |||y0rusy50 ca
101 0 _aeng
102 _aRU
105 _ay z |||||
200 1 _aStability of one-dimensional stationary slightly supercritical dissipative structures
_fA. B. Konstantinov, B. A. Molomed [!], I. E. Staroselsky
210 _aChernogolovka
_cИн-т теорет. физики им. Л. Д. Ландау АН СССР
_d1985
215 _a14 с.
_cграф.
_d22 см
225 1 _aPreprint
_fThe Acad. of sciences of the USSR, L. D. Landau inst. for theoretical physics
_v1985-16
320 _aБиблиогр.: с. 13
606 0 _aДиссипативные структуры
_92598215
_3RU\NLR\AUTH\661535072
620 _aЧерноголовка
686 _aВ317.26
_2rubbk
700 1 _aKonstantinov
_bA. B.
_gAleksandr Borisovič
701 1 _9z01790
_aMalomed
_bB. A.
_gBoris Aronovič
701 1 _9z02790
_aStarosel'skij
_bI. E.
790 1 _9z01701
_aMolomed [!]
_bB. A.
_4070
790 1 _9z02701
_aStaroselsky
_bI. E.
_4070
801 1 _aRU
_bNLR
_c20121211
801 0 _aRU
_bINFOCOMM
_gPSBO
852 _aNLR
_jФз01 Д-6/375
942 _cBOOK
980 _aNB